| 000 | 00955nam0a22002531 4500 | ||
|---|---|---|---|
| 001 | rc\4778154 | ||
| 005 | 20130417102152.4 | ||
| 035 | _a(NLR Aleph) 009003135 | ||
| 090 |
_a9320022 _c9320022 |
||
| 100 | _a20130417d1967 |||y0rusy50 ca | ||
| 101 | 0 | _arus | |
| 102 | _aRU | ||
| 105 | _ay c ||||| | ||
| 200 | 1 |
_aМарксизм-ленинизм о войне и армии _eУказатель литературы _fСост. М.А. Пушкарук, Е.А. Белова _gОтв. ред. канд. филос. наук, доц., полк. Тюшкевич С.А. _gВоен.-полит. ордена Ленина краснознам. |
|
| 210 |
_aМосква _cБ. и. _d1967 |
||
| 215 |
_a88 с. _d22 |
||
| 700 | 1 |
_aПушкарук _bМ. А. _4220 |
|
| 701 | 1 |
_aБелова _bЕ. А. _4220 |
|
| 702 | 1 |
_aТюшкевич _bС. А. _4340 |
|
| 801 | 0 |
_aRU _bNLR _gpsbo |
|
| 801 | 1 |
_aRU _bELAR _2rusmarc |
|
| 852 |
_aNLR _j50к/9614 |
||
| 942 | _cBOOK | ||
| 980 | _aNB | ||